Countries Closest to the US - One Minute Sprint - Statistics

General Stats
  • This quiz has been taken 49 times
  • The average score is 16 of 20
Answer Stats
km country miles % Correct
0 Canada 0
100%
0 Mexico 0
100%
153 Cuba 93
93%
83 Bahamas 53
88%
1068 Guatemala 665
88%
4 Russia 2
86%
929 Belize 578
83%
1080 Nicaragua 671
83%
1066 Dominican Republic 663
81%
945 Haiti 579
81%
758 Jamaica 471
79%
1242 Colombia 772
76%
1010 Honduras 608
76%
1677 Panama 1042
74%
1534 Costa Rica 953
71%
2005 Saint Kitts and Nevis 1246
71%
1339 El Salvador 832
69%
1737 Venezuela 1080
69%
2080 Antigua and Barbuda 1292
57%
1664 Kiribati 1034
29%
No matching quizzes found
Score Distribution
Percent of People with Each Score
Percentile by Number Answered
Your Score History
You have not taken this quiz